00711nam a2200193Ia 4500008004100000020001800041041000800059082001600067100002800083245003000111250001200141260001600153300002300169365001600192700005200208906005300260999001900313952018500332230718s9999 xx 000 0 und d a9788126520510 aeng a005.43bSIL aSilberschatz A.9108891 aOperating System Concepts a8th ed. bWiley India dRef 1535 C (47300) cRs.b549.00 aSilberschatz A.; Galvin P.B. & Gagne G.9185699 dO:0386817-May-2014B:IN 6816-Apr-2014cCOMPb3294 c336112d336112 00104070aCCEPbCCEPd2014-05-17ePradeep Book DistributorsfCOMPg411.75iIN 68l10o005.43pCCEP-BK-47319r2026-02-24 13:15:03s2026-02-10t3294v549.00w2014-04-16yBKz047319